China's energy and mineral industries : current perspectives /

Bibliographic Details
Corporate Author: China Energy and Mineral Policies and Planning Conference
Other Authors: Dorian, James P., Fridley, David, 1956-
Format: Conference Proceeding Book
Language:English
Published: Boulder : Westview Press, 1988.
Series:Westview special studies in natural resources and energy management.
Subjects:

MARC

Tag First Indicator Second Indicator Subfields
LEADER 00000cam a2200000 a 4500
001 in00000028861
005 20151007054724.0
008 880302s1988 coua b 00000 eng
010 |a  88040131  
020 |a 0813375665 (pbk. : alk. paper) 
035 |a (OCoLC)17649937 
035 |9 AAB6041AM 
040 |a DLC  |c DLC  |d TXA  |d UtOrBLW 
043 |a a-cc--- 
049 |a TXAM  |c [A10954795] 
050 0 0 |a HD9502.C62  |b C496 1988 
082 0 |a 333.79/0951  |2 19 
245 0 0 |a China's energy and mineral industries :  |b current perspectives /  |c edited by James P. Dorian and David G. Fridley. 
264 1 |a Boulder :  |b Westview Press,  |c 1988. 
300 |a xvi, 162 pages :  |b illustrations ;  |c 23 cm. 
336 |a text  |b txt  |2 rdacontent 
337 |a unmediated  |b n  |2 rdamedia 
338 |a volume  |b nc  |2 rdacarrier 
490 1 |a Westview special studies in natural resources and energy management 
500 |a "Based on papers presented at the China Energy and Mineral Policies and Planning Conference held at the East-West Center in August 1987."--P. xiii. 
500 |a Published in cooperation with the East-West Center, Resources Systems Institute, Honolulu, Hawaii. 
504 |a Includes bibliographies. 
650 0 |a Energy policy  |z China. 
650 0 |a Mineral industries  |x Government policy  |z China. 
700 1 |a Dorian, James P. 
700 1 |a Fridley, David,  |d 1956- 
711 2 |a China Energy and Mineral Policies and Planning Conference  |d (1987 :  |c East-West Center, Honolulu, Hawaii) 
830 0 |a Westview special studies in natural resources and energy management. 
999 |a MARS 
999 f f |s d02d5e6d-9b29-3acb-a204-2c6aca71499c  |i 90f32571-348d-3392-8e62-08c82632426f  |t 0 
952 f f |p ric  |a Texas A&M University  |b Rellis Campus  |c Joint Library Facility  |d Remote Storage  |t 0  |e HD9502.C62 C496 1988  |h Library of Congress classification  |i unmediated -- volume  |m A14810954795 
998 f f |a HD9502.C62 C496 1988  |t 0  |l Remote Storage